Bekannte Persönlichkeiten aus Schleswig-Holstein - Statistiken

Allgemein
  • Dieses Quiz wurde 109 mal gespielt
  • Das Durchschnittsergebnis liegt bei 7 aus 20
Antwortstatistiken
Geburtsjahr Geburtsort Hinweis Person % Korrekt
1913 Lübeck Bundeskanzler, ab 1969 erster Kanzler der SPD Willy Brandt
81%
1875 / 1871 Lübeck Brüder, Schriftsteller ("Buddenbrooks" bzw. "Professor Unrat") {Thomas} & {Heinrich Mann}
76%
1817 Husum Schriftsteller ("Der Schimmelreiter", "Immensee") Theodor Storm
64%
1950 Lübeck Comiczeichner, Erfinder von "Werner" Brösel (Rötger Feldmann)
61%
1960 Eutin Schauspieler, Tatort-Kommissar Thiel (Münster) Axel Prahl
60%
1962 Kiel ehemaliger Fußballtorwart und nunmehriger Torwarttrainer der Nationalmannschaft Andreas Köpke
54%
1968 Pinneberg ehemaliger Tennisspieler, Olympiasieger, Weltmeister und Wimbledonsieger Michael Stich
49%
1858 Kiel Physiker, Begründer der Quantenphysik Max Planck
46%
1786 Eutin Komponist der Romantik ("Der Freischütz") Carl Maria von Weber
44%
1956 Kiel Schauspieler und Autor, Tatort-Kommissar Borowski (Kiel) Axel Milberg
33%
1968 Wedel Privatpilot, landete 1987 mit seiner Cessna mitten in Moskau Mathias Rust
33%
1948 Lübeck Fernsehmoderator und -produzent, u.a. Sportschau und Doppelpass Jörg Wontorra
31%
1943 Hedwigenkoog Modedesignerin mit eigener Kosmetiklinie Jil Sander
26%
1817 Garding Historiker und Altertumswissenschaftler, sein Werk zur römischen Geschichte wurde 1902 mit dem Literatur-Nobelpreis ausgezeichnet Theodor Mommsen
26%
1962 Bad Segeberg Filmemacher ("Männerpension", "Die Vermessung der Welt") Detlev Buck
22%
1964 Kiel Hochspringerin, Europameisterin, Weltmeisterin und Olympiasiegerin Heike Henkel
22%
1957 Preetz Fernsehmoderatorin und Journalistin, präsentierte von 1998 bis 2007 ihre politische Talkshow Sabine Christiansen
14%
1972 Elmshorn Schauspielerin, seit 2010 in "Polizeiruf 110" aus Rostock zu sehen Anneke Kim Sarnau
2%
1943 Burg auf Fehmarn Europameister im Boxen, kämpfte 1971 gegen Muhammed Ali Jürgen Blin
2%
1918 Lübeck Kabarettistin, Filmschauspielerin und spätere Ordensschwester, sprach oft das "Wort zum Sonntag" Isa Vermehren
1%
Keine übereinstimmenden Quizze gefunden
Verteilung der Resultate
Anzahl Personen mit jedem Resultat
Perzentil nach korrekt beantworteten Fragen
Ihre Resultats-Entwicklung
Sie haben dieses Quiz noch nicht gespielt